Most Regular Season NHL Games Played by One Franchise Player - Statistics

General Stats
  • This quiz has been taken 30 times
  • The average score is 7 of 10
Answer Stats
Regular Season NHL Games Played Player NHL Team % Correct
1,570 and counting Alex Ovechkin Washington Capitals
100%
1,419 and counting Sidney Crosby Pittsburgh Penguins
96%
1,514 Steve Yzerman Detroit Red Wings
88%
1,378 Joe Sakic Colorado Avalanche
75%
1,564 Nicklas Lidstrom Detroit Red Wings
75%
1,330 Henrik Sedin Vancouver Canucks
71%
1,396 Stan Mikita Chicago Blackhawks
71%
1,516 Anze Kopitar Los Angeles Kings
63%
1,540 Shane Doan Phoenix Coyotes
63%
1,550 Alex Delvecchio Detroit Red Wings
29%
No matching quizzes found
Score Distribution
Percent of People with Each Score
Percentile by Number Answered
Your Score History
You have not taken this quiz